Comentario a la epístola a los romanos

Saved in:
Bibliografiske detaljer
Hovedforfatter: Tomás de Aquino 1220-1274 Santo (Author)
Format: Bog
Sprog:spansk
Udgivet: Ciudad de México Tradición 1982
Udgivelse:1a. ed
Fag:
Tags: Tilføj Tag
Ingen Tags, Vær først til at tagge denne postø!

MARC

LEADER 00000cam a2200000 a 4500
001 UCM5043
003 CL-VaPUC
008 020927e19820000MX |||||||||||||||||spa|d
082 0 4 |a 189.4  |b TOM  |2 21 
100 |a Tomás de Aquino  |d 1220-1274  |c Santo  |e author  |9 255832 
245 1 0 |a Comentario a la epístola a los romanos 
250 |a 1a. ed 
300 |a 303 p 
942 |c BK 
945 |d 20020927 00:00:00  |a cmena 
260 |a Ciudad de México  |b Tradición  |c 1982 
650 0 |a Escolasticismo  |9 264998 
650 0 |a Epístolas  |9 321181 
650 0 |a Textos sagrados   |9 257605 
650 0 |a Teología   |9 258766 
650 0 |a Filosofía cristiana   |9 265980 
583 |a last modification  |c 20150416 15:37:23  |k Rodrigo Vera 
999 |c 301343  |d 301341 
952 |0 0  |1 0  |4 0  |6 189_400000000000000_TOM_1982  |7 0  |8 P  |9 360192  |a BIBEDU  |b BIBEDU  |c BIBEDU_PB  |d 2019-11-21  |h v.1  |i 3834786  |o 189.4 TOM 1982  |p 3834786  |r 2024-01-25  |w 2019-11-21  |y BK  |k FIL 
952 |0 0  |1 0  |4 0  |6 189_400000000000000_TOM_1982  |7 0  |8 P  |9 360193  |a BIBEDU  |b BIBEDU  |c BIBEDU_PB  |d 2019-11-21  |h v.2  |i 3834794  |o 189.4 TOM 1982  |p 3834794  |r 2024-01-25  |w 2019-11-21  |y BK  |k FIL